Zaha Hadid BMW central building (Record no. 9430)

000 -LEADER
fixed length control field 00276nam a2200121 4500
003 - CONTROL NUMBER IDENTIFIER
control field OSt
005 - DATE AND TIME OF LATEST TRANSACTION
control field 20210419171255.0
008 - FIXED-LENGTH DATA ELEMENTS--GENERAL INFORMATION
fixed length control field 210419b ||||| |||| 00| 0 eng d
020 ## - INTERNATIONAL STANDARD BOOK NUMBER
International Standard Book Number 9781568985367
082 ## - DEWEY DECIMAL CLASSIFICATION NUMBER
Classification number 725.4
Item number HAD
245 ## - TITLE STATEMENT
Title Zaha Hadid BMW central building
942 ## - ADDED ENTRY ELEMENTS (KOHA)
Source of classification or shelving scheme
Holdings
Withdrawn status Lost status Source of classification or shelving scheme Damaged status Koha normalized classification for sorting Not for loan Permanent location Current location Date acquired Full call number Barcode Date last seen Price effective from Koha item type
        725_400000000000000_HAD   BMS College of Architecture, Design and Planning BMS College of Architecture, Design and Planning 2021-04-19 725.4 HAD AR-UG2198 2021-04-19 2021-04-19 UG Books
Copyright © 2025, The Librarian, Library and Information Centre, BMSCA D&P, Bengaluru. All Rights Reserved
web counter

Powered by Koha